| 000 | 00778nam a22002417a 4500 | ||
|---|---|---|---|
| 003 | DO-SdBNP | ||
| 005 | 20180131153405.0 | ||
| 008 | 151015b sp 2007 |||| 00| 0 spa d | ||
| 020 | _a9788447318827 | ||
| 040 |
_aBPMSU _bspa _cBPMSU |
||
| 100 | 1 |
_aBlyton, Enid, _d1897-1968 |
|
| 240 | 1 | _aFive go adventuring again / | |
| 245 |
_aOtra aventura de los cinco / _cEnid Blyton ; traducción Juan Ríos de la Rosa |
||
| 260 |
_aBarcelona, España : _bJuventud, _c2007. |
||
| 300 |
_a160 p. : _bil., _c19 cm. |
||
| 490 |
_aEnyd Blyton _v23 |
||
| 700 | 1 |
_aRíos Rosa, Juan de la, _etr. |
|
| 830 | 0 |
_8Enid Blyton _n23 |
|
| 942 |
_2ddc _cBK |
||
| 945 | _aInventariado, 2018 / BT | ||
| 956 |
_aBTAVAREZ _b10 _d20183101 _fBPMSU _h0038 |
||
| 956 |
_aYngrid Lockward _2YLOCKWARD _310 _8BPMSU _c20161019 |
||
| 999 |
_c8390 _d8390 |
||